Le numérique au service des liens familiaux des résidents en Éhpad avec leurs proches : la pandémie de covid-19 comme catalyseur de « lien social 2.0 » ? (notice n° 1883105)

détails MARC
000 -LEADER
fixed length control field 02682cam a2200229 4500500
005 - DATE AND TIME OF LATEST TRANSACTION
control field 20260329013743.0
041 ## - LANGUAGE CODE
Language code of text/sound track or separate title fre
042 ## - AUTHENTICATION CODE
Authentication code dc
100 10 - MAIN ENTRY--PERSONAL NAME
Personal name Humbert, Christophe
Relator term author
245 00 - TITLE STATEMENT
Title Le numérique au service des liens familiaux des résidents en Éhpad avec leurs proches : la pandémie de covid-19 comme catalyseur de « lien social 2.0 » ?
260 ## - PUBLICATION, DISTRIBUTION, ETC.
Date of publication, distribution, etc. 2025.<br/>
500 ## - GENERAL NOTE
General note 25
520 ## - SUMMARY, ETC.
Summary, etc. Cet essai propose une cartographie de l’intentionnalité en théologie morale, en mobilisant une approche narrative et topographique. En suivant l’exemple récurrent de frère Martin, moine cistercien se levant pour prier vigiles, l’essai explore les diverses strates de l’intention : de la volonté d’une fin particulière à l’articulation de l’intériorité et de l’action, en passant par l’attribution de responsabilité, les influences collectives, les habitus, et enfin la visée d’une fin ultime. L’intentionnalité y est décrite non seulement comme un acte de volonté, mais comme un processus dynamique structurant l’identité narrative de la personne. En croisant les apports de la phénoménologie, de la philosophie analytique et de la théologie, l’auteur met en lumière la dimension théologale de l’intention et l’originalité du jugement en théologie morale, compris comme reconnaissance et reconfiguration de la personne par le Christ.
520 ## - SUMMARY, ETC.
Summary, etc. This essay proposes a mapping of intentionality in moral theology, employing a narrative and topographical approach. Using the recurring example of Brother Martin, a Cistercian monk rising to pray vigils, the essay explores the various layers of intention: from the desire for a particular end to the articulation of interiority and action, through the attribution of responsibility, collective influences, habitus, and finally the pursuit of an ultimate end. Intentionality is described not only as an act of will, but as a dynamic process that structures a person’s narrative identity. By combining insights from phenomenology, analytical philosophy and theology, the author sheds light on the theological dimension of intention and the originality of judgement in moral theology, which are understood as the recognition and reconfiguration of the person by Christ.
700 10 - ADDED ENTRY--PERSONAL NAME
Personal name Racin, Céline
Relator term author
700 10 - ADDED ENTRY--PERSONAL NAME
Personal name Braccini, Vivien
Relator term author
700 10 - ADDED ENTRY--PERSONAL NAME
Personal name Capelli, Fabien
Relator term author
700 10 - ADDED ENTRY--PERSONAL NAME
Personal name Sueur, Cédric
Relator term author
700 10 - ADDED ENTRY--PERSONAL NAME
Personal name Lemaire, Célia
Relator term author
786 0# - DATA SOURCE ENTRY
Note Recherches familiales | 22 | 1 | 2025-03-07 | p. 39-52 | 1763-718X
856 41 - ELECTRONIC LOCATION AND ACCESS
Uniform Resource Identifier <a href="https://shs.cairn.info/revue-recherches-familiales-2025-1-page-39?lang=fr&redirect-ssocas=7080">https://shs.cairn.info/revue-recherches-familiales-2025-1-page-39?lang=fr&redirect-ssocas=7080</a>

Pas d'exemplaire disponible.

PLUDOC

PLUDOC est la plateforme unique et centralisée de gestion des bibliothèques physiques et numériques de Guinée administré par le CEDUST. Elle est la plus grande base de données de ressources documentaires pour les Étudiants, Enseignants chercheurs et Chercheurs de Guinée.

Adresse

627 919 101/664 919 101

25 boulevard du commerce
Kaloum, Conakry, Guinée

Réseaux sociaux

Powered by Netsen Group @ 2025